LEADER 01882nam a2200385 u 4500 001 000000104815 003 CaOOAMICUS 005 20080129125422.0 008 070504m19832006it f u000 u ita u 020 $a88-02-07430-5 (v. 2) 020 $a88-02-03849-X (v. 1) 040 $aPUL$bita$dLDB 041 1 $aita$agrc 100 0 $aAristophanes,$dc. 445-c. 385 a.C.$0(OLS)http://pul/name/1745 245 10$aCommedie /$cdi Aristofane; a cura di Giuseppe Mastromarco e Piero Totaro. 260 $aTorino :$bUnione Tipografico-Editrice Torinese,$c1983-2006. 300 $a2 v. :$bill. ;$c24 cm. 490 1 $aClassici greci 490 1 $aClassici UTET 700 1 $aTotaro, Piero.$0(OLS)http://pul/name/64402 700 1 $aMastromarco, Giuseppe.$0(OLS)http://pul/name/64401 700 0 $aAristophanes,$dc. 445-c. 385 a.C.$tComoediae.$0(OLS)http://pul/nameTitle/264$0(OLS)http://pul/name/1745$0(OLS)http://pul/title/131843 830 0$aClassici UTET.$0(OLS)http://pul/title/1243 830 0$aClassici greci (Unione tipografico-editrice torinese).$0(OLS)http://pul/title/11594 850 $aPUL 852 $aPUL$W1$xDP1 Cons. Gen., Altre Classi 1$y22$m844 G 8.2$j117393$bv. 2$qStampati$B117340$CPULBib$Z2$F117340 $H101838 $82 852 $aPUL$W1$xDP1 Cons. Gen., Altre Classi 1$y22$m844 G 8.1$j124888$bv. 1$qStampati$B123620$CPULBib$Z2$F123620 $H73056 $82 900 $aAristofane,$dc. 445-c. 385 a.C.$91745 900 $aAristofane,$dc. 445-c. 385 a.C.$91745 941 1 $a8 983 0$aClassici greci (UTET) 996 $6020$a88-02-07430-5 (v. 2)$9(OLS)http://pul/number/134178 996 $6020$a88-02-03849-X (v. 1)$9(OLS)http://pul/number/136877 996 $6245$aCommedie$9(OLS)http://pul/title/111651 996 $6260$aTorino :$bUnione Tipografico-Editrice Torinese$9(OLS)http://pul/publisher/48798 LEADER 01744nam a2200325 a 4500 001 000000146854 003 CaOOAMICUS 005 20151027142832.0 008 151027s2015 it f u000 u ita r 020 $a978-966-658-340-9* 032 $aLibriCat 040 $aPIO$bita$dPUL 041 1 $aita$agrc 100 1 $aTrofimov, Denys,$co.s.b.m.,$d1979-$0(OLS)http://pul/name/93909 245 12$aI dibattiti sul fuoco purgatorio al Concilio di Ferrara-Firenze (1438-1439) come culmine della controversia sulla sorte dei defunti tra Oriente e Occidente /$cIeromonaco Panteleimon (Denys Trofimov), OSBM. 260 $aRomae :$bPP. Basiliani,$c2015.. 300 $a465 p. ;$c25 cm 490 1 $aAnalecta OSBM. Ser. II. Sectio 1: Opera ;$vv. 54 504 $aInclude riferimenti bibliografici ([387]-450), sigle e abbreviazioni, indice degli autori e indice generale. 546 $aTesto in italiano, passi in greco, front. aggiunto in lingua ucraina. 611 24$aConcilium Florentinum (1438-1445)$xPurgatorio.$0(OLS)http://pul/subject/42412 650 4$aPurgatorio$ySec. XV.$0(OLS)http://pul/subject/42423 830 0$aAnalecta OSBM.$nSer. II. Sectio 1.$pOpera.$0(OLS)http://pul/title/185491 850 $aPUL 852 $aPUL$W1$xDP2 Religione 3$y114$m236 TRODE 1$j170461$qDDC21$B171240$CPULBib$Z2$F171240 $H146854 $81 941 1 $a9 996 $6020$a978-966-658-340-9*$9(OLS)http://pul/number/158860 996 $6245$aI dibattiti sul fuoco purgatorio al Concilio di Ferrara-Firenze (1438-1439) come culmine della controversia sulla sorte dei defunti tra Oriente e Occidente$9(OLS)http://pul/title/185489 996 $6260$aRomae :$bPP. Basiliani$9(OLS)http://pul/publisher/84047